Random Backwards Countries - 30 Second Sprint - Statistics

General Stats
  • This quiz has been taken 85 times
  • The average score is 11 of 20
Answer Stats
yrtnuoC Country % Correct
aireglA Algeria
100%
arrodnA Andorra
100%
napaJ Japan
100%
natszygryK Kyrgyzstan
100%
aybiL Libya
100%
aibimaN Namibia
100%
yaugaraP Paraguay
100%
ureP Peru
100%
dnaloP Poland
100%
aomaS Samoa
100%
oniraM naS San Marino
100%
aibreS Serbia
100%
eropagniS Singapore
100%
aikavolS Slovakia
100%
niapS Spain
100%
agnoT Tonga
100%
ewbabmiZ Zimbabwe
100%
nadroJ Jordan
90%
adnagU Uganda
86%
ytiC nacitaV Vatican City
86%
lizarB Brazil
83%
qarI Iraq
83%
aeroK htuoS South Korea
83%
ainablA Albania
80%
abuC Cuba
80%
ecnarF France
80%
itiaH Haiti
80%
sarudnoH Honduras
80%
yragnuH Hungary
80%
aisenodnI Indonesia
80%
ylatI Italy
80%
adnawR Rwanda
80%
aknaL irS Sri Lanka
80%
modgniK detinU United Kingdom
80%
nobaG Gabon
78%
aeniuG weN aupaP Papua New Guinea
78%
kramneD Denmark
75%
acinimoD Dominica
75%
rodaucE Ecuador
75%
ijiF Fiji
75%
aidnI India
75%
tiawuK Kuwait
75%
atlaM Malta
75%
airegiN Nigeria
75%
natsikijaT Tajikistan
75%
nemeY Yemen
75%
occoroM Morocco
71%
aicuL tniaS Saint Lucia
71%
natsikebzU Uzbekistan
71%
iwalaM Malawi
70%
anihC China
67%
aciR atsoC Costa Rica
67%
initawsE Eswatini
67%
aipoihtE Ethiopia
67%
aigroeG Georgia
67%
adanerG Grenada
67%
alametauG Guatemala
67%
uassiB-aeniuG Guinea-Bissau
67%
natshkazahK Kazakhstan
67%
soaL Laos
67%
sevidlaM Maldives
67%
ocanoM Monaco
67%
orgenetnoM Montenegro
67%
regiN Niger
67%
yawroN Norway
67%
sellehcyeS Seychelles
67%
aleuzeneV Venezuela
67%
augaraciN Nicaragua
64%
natsinahgfA Afghanistan
63%
euqibmazoM Mozambique
63%
ainemrA Armenia
60%
natuhB Bhutan
60%
anawstoB Botswana
60%
idnuruB Burundi
60%
cilbupeR nacirfA lartneC Central African Republic
60%
elihC Chile
60%
ituobijD Djibouti
60%
ynamreG Germany
60%
anayuG Guyana
60%
ocixeM Mexico
60%
ailognoM Mongolia
60%
ramnayM Myanmar
60%
lapeN Nepal
60%
dnalaeZ weN New Zealand
60%
acirfA htuoS South Africa
60%
dnaliahT Thailand
60%
setatS detinU United States
60%
manteiV Vietnam
60%
osaF anikruB Burkina Faso
57%
aisinuT Tunisia
57%
aibmaZ Zambia
57%
eceerG Greece
56%
nietsnethceiL Liechtenstein
56%
ailamoS Somalia
56%
samahaB Bahamas
50%
niarhaB Bahrain
50%
suraleB Belarus
50%
ienurB Brunei
50%
airagluB Bulgaria
50%
adanaC Canada
50%
aitaorC Croatia
50%
anahG Ghana
50%
dnalecI Iceland
50%
aciamaJ Jamaica
50%
ovosoK Kosovo
50%
aivtaL Latvia
50%
nonabeL Lebanon
50%
airebiL Liberia
50%
gruobmexuL Luxembourg
50%
ilaM Mali
50%
ainamoR Romania
50%
aissuR Russia
50%
siveN dna sttiK tniaS Saint Kitts and Nevis
50%
senidanerG eht dna tnecniV tniaS Saint Vincent and the Grenadines
50%
ainevolS Slovenia
50%
nedewS Sweden
50%
dnalreztiwS Switzerland
50%
airyS Syria
50%
nawiaT Taiwan
50%
ogoT Togo
50%
yekruT Turkey
50%
ulavuT Tuvalu
50%
setarimE barA detinU United Arab Emirates
50%
yaugurU Uruguay
50%
utaunaV Vanuatu
50%
aiviloB Bolivia
44%
narI Iran
43%
ohtoseL Lesotho
43%
epicnírP dna émoT oãS São Tomé and Príncipe
43%
najiabrezA Azerbaijan
42%
alognA Angola
40%
ezileB Belize
40%
surpyC Cyprus
40%
tpygE Egypt
40%
ainotsE Estonia
40%
dnalerI Ireland
40%
suitirauM Mauritius
40%
sdnalrehteN Netherlands
40%
senippilihP Philippines
40%
emaniruS Suriname
40%
anitnegrA Argentina
38%
nooremaC Cameroon
38%
lagutroP Portugal
38%
aibarA iduaS Saudi Arabia
38%
naduS Sudan
38%
ailartsuA Australia
33%
hsedalgnaB Bangladesh
33%
aidobmaC Cambodia
33%
dahC Chad
33%
soromoC Comoros
33%
romiT tsaE East Timor
33%
aeniuG Guinea
33%
tsaoC yrovI Ivory Coast
33%
itabiriK Kiribati
33%
ainauhtiL Lithuania
33%
avodloM Moldova
33%
aeroK htroN North Korea
33%
namO Oman
33%
ualaP Palau
33%
amanaP Panama
33%
rataQ Qatar
33%
enoeL arreiS Sierra Leone
33%
sdnalsI nomoloS Solomon islands
33%
ainaznaT Tanzania
33%
ogaboT dna dadinirT Trinidad and Tobago
33%
eniarkU Ukraine
33%
ognoC eht fo cilbupeR citarcomeD Democratic Republic of the Congo
30%
ognoC eht fo cilbupeR Republic of the Congo
30%
nineB Benin
29%
rodavlaS lE El Salvador
29%
aibmaG Gambia
29%
muigleB Belgium
25%
aeniuG lairotauqE Equatorial guinea
25%
aertirE Eritrea
25%
dnalniF Finland
25%
ainatiruaM Mauritania
25%
natsikaP Pakistan
25%
learsI Israel
22%
aibmoloC Colombia
20%
racsagadaM Madagascar
20%
aisyalaM Malaysia
17%
ainodecaM htroN North Macedonia
14%
adubraB dna augitnA Antigua and Barbuda
13%
natsinemkruT Turkmenistan
13%
aisenorciM fo setatS .deF Fed. States of Micronesia
10%
airtsuA Austria
0%
sodabraB Barbados
0%
anivogezreH dna ainsoB Bosnia and Herzegovina
0%
edreV epaC Cape Verde
0%
cilbupeR hcezC Czech Republic
0%
cilbupeR nacinimoD Dominican Republic
0%
ayneK Kenya
0%
sdnalsI nomoloS Marshall islands
0%
uruaN Nauru
0%
lageneS Senegal
0%
naduS htuoS South Sudan
0%
No matching quizzes found
Score Distribution
Percent of People with Each Score
Percentile by Number Answered
Your Score History
You have not taken this quiz